Mechanical vibrations / (Record no. 14793)
[ view plain ]
| 000 -LEADER | |
|---|---|
| fixed length control field | 01016cam a22003015i 4500 |
| 003 - CONTROL NUMBER IDENTIFIER | |
| control field | EG-ScBUE |
| 005 - DATE AND TIME OF LATEST TRANSACTION | |
| control field | 20201128020849.0 |
| 008 - FIXED-LENGTH DATA ELEMENTS--GENERAL INFORMATION | |
| fixed length control field | 101026t20052005si a f 000100eeng d |
| 020 ## - INTERNATIONAL STANDARD BOOK NUMBER | |
| International Standard Book Number | 0131967517 |
| 020 ## - INTERNATIONAL STANDARD BOOK NUMBER | |
| International Standard Book Number | 9780131967519 |
| 040 ## - CATALOGING SOURCE | |
| Original cataloging agency | EG-ScBUE |
| Language of cataloging | eng |
| Description conventions | rda |
| Transcribing agency | EG-ScBUE |
| Modifying agency | EG-ScBUE |
| 082 04 - DEWEY DECIMAL CLASSIFICATION NUMBER | |
| Classification number | 620.3 |
| Item number | RAO |
| Edition number | 22 |
| 100 1# - MAIN ENTRY--PERSONAL NAME | |
| Personal name | Rao, Singiresu S., |
| Dates associated with a name | 1944- |
| Relator term | author. |
| 245 10 - TITLE STATEMENT | |
| Title | Mechanical vibrations / |
| Statement of responsibility, etc | Singiresu S. Rao, University of Miami ; SI Conversion by Yap Fook Fah, Nanyang Technological University, Singapore. |
| 250 ## - EDITION STATEMENT | |
| Edition statement | Fourth edition, in SI Units. |
| 264 #1 - PUBLICATION, DISTRIBUTION, ETC. (IMPRINT) | |
| Place of publication, distribution, etc | Singapore : |
| Name of publisher, distributor, etc | Prentice Hall / Pearson Education, |
| Date of publication, distribution, etc | [2005] |
| 264 #4 - PUBLICATION, DISTRIBUTION, ETC. (IMPRINT) | |
| Date of publication, distribution, etc | c2005 |
| 300 ## - PHYSICAL DESCRIPTION | |
| Extent | xxvi, 1078 pages : |
| Other physical details | illustrations ; |
| Dimensions | 24 cm |
| 336 ## - CONTENT TYPE | |
| Content type term | text |
| Content type code | txt |
| Source | rdacontent |
| 337 ## - MEDIA TYPE | |
| Media type term | unmediated |
| Media type code | n |
| Source | rdamedia |
| 338 ## - CARRIER TYPE | |
| Carrier type term | volume |
| Carrier type code | nc |
| Source | rdacarrier |
| 500 ## - GENERAL NOTE | |
| General note | Includes index. |
| 650 #7 - SUBJECT ADDED ENTRY--TOPICAL TERM | |
| Topical term or geographic name as entry element | Vibration. |
| Source of heading or term | BUEsh |
| 9 (RLIN) | 324 |
| 651 ## - SUBJECT ADDED ENTRY--GEOGRAPHIC NAME | |
| Source of heading or term | BUEsh |
| 653 ## - INDEX TERM--UNCONTROLLED | |
| Resource For college | Engineering, Mechanical |
| Arrived date list | August2020 |
| 700 1# - ADDED ENTRY--PERSONAL NAME | |
| Personal name | Yap, Fook Fah, |
| Relator term | editor. |
| 942 ## - ADDED ENTRY ELEMENTS (KOHA) | |
| Source of classification or shelving scheme | Dewey Decimal Classification |
| Koha item type | Book - Borrowing |
| Withdrawn status | Lost status | Source of classification or shelving scheme | Damaged status | Not for loan | Collection code | Home library | Current library | Shelving location | Date acquired | Source of acquisition | Total Checkouts | Full call number | Barcode | Date last seen | Date checked out | Price effective from | Koha item type | Total Renewals |
|---|---|---|---|---|---|---|---|---|---|---|---|---|---|---|---|---|---|---|
| Dewey Decimal Classification | Baccah | Central Library | Central Library | First floor | 26/10/2010 | 1 | 620.3 RAO | 000021955 | 15/07/2025 | 25/09/2011 | 26/10/2010 | NB - Book (Non borrowing) | ||||||
| Dewey Decimal Classification | Baccah | Central Library | Central Library | First floor | 26/10/2010 | 11 | 620.3 RAO | 000021956 | 15/07/2025 | 17/12/2018 | 26/10/2010 | Book - Borrowing | 101 | |||||
| Dewey Decimal Classification | Baccah | Central Library | Central Library | First floor | 26/10/2010 | 10 | 620.3 RAO | 000021957 | 15/07/2025 | 14/10/2019 | 26/10/2010 | Book - Borrowing | 101 | |||||
| Dewey Decimal Classification | unknown | Central Library | Central Library | First floor | 26/08/2020 | Purchase | 2 | 620.3 RAO | 000049283 | 24/08/2022 | 01/11/2021 | 26/08/2020 | Book - Borrowing | 18 |